| 000 | 00563cam a22002053 4500 | ||
|---|---|---|---|
| 001 | 45908 | ||
| 021 | _b92799/95 | ||
| 090 | _a45908 | ||
| 100 | _a19961216d1995 e y0pory5003 ba | ||
| 101 | 0 | _apor | |
| 102 | _aPT | ||
| 200 | 1 |
_aA menina dos Grous _fJoão Rubus _gdes. João Carlos Farinha |
|
| 210 | 9 |
_a[Évora] _cLiga para a Proteccão da Natureza, _cimp. Gráfica Eborense _d1995 |
|
| 215 |
_a19 p. _cil. _d25 cm |
||
| 675 | _a82-93 | ||
| 675 |
_a087.5 _vBN _zpor |
||
| 700 | 1 |
_aRubus, _bJoão, |
|
| 702 | 1 |
_aFarinha, _bJoão Carlos _4440 |
|
| 801 | 0 |
_aPT _bBN _gRPC |
|
| 990 | _cLIVROS | ||